MARC

Tag First Indicator Second Indicator Subfields
LEADER 00000cam a2200000 i 4500
001 in00000798113
005 20151017074527.0
008 770830s1977 dcua b f00000 eng d
010 |a gp 77016605  
035 |a (OCoLC)03229895 
035 |9 ADQ5249AM 
037 |b 22161 
040 |a TRL  |c TRL  |d GPO  |d MvI-ocm  |d UtOrBLW 
043 |a n-us-ny 
074 |a 982-I-5 
086 |a TD 1.20:77-43 
110 2 |a Polytechnic Institute of New York.  |b Department of Transportation Planning and Engineering. 
245 1 0 |a Mobility of people and goods in the urban environment :  |b mobility of the handicapped and elderly /  |c J. Falcocchio [and others]. 
264 1 |a Washington :  |b Dept. of Transportation, Office of the Secretary, Office of University Research ;  |c 1977. 
264 2 |a Springfield, Va. :  |b For sale by the National Technical Information Service, 
300 |a xi, 128 pages :  |b illustrations ;  |c 28 cm. 
336 |a text  |b txt  |2 rdacontent 
337 |a unmediated  |b n  |2 rdamedia 
338 |a volume  |b nc  |2 rdacarrier 
490 1 |a Report - Dept. of Transportation ; no. DOT-TST-77-43 
500 |a Cover title. 
500 |a Prepared by Dept. of Transportation Planning and Engineering, Polytechnic Institute on New York, Brooklyn, N.Y. under contract number DOT-OS-30095. 
500 |a On cover: Second year final report, April 1977. 
504 |a Includes bibliographical references. 
650 0 |a Older people  |x Transportation  |z New York (State)  |z New York. 
650 0 |a Freight and freightage  |z New York (State)  |z New York. 
650 0 |a People with disabilities  |z New York (State)  |z New York  |x Transportation. 
700 1 |a Falcocchio, John C. 
710 1 |a United States.  |b Department of Transportation.  |b Office of University Research. 
740 0 |a Mobility of the handicapped and elderly. 
830 0 |a Report (United States. Department of Transportation) ;  |v no. DOT-TST-77-43. 
999 |a MARS 
999 f f |s ca0883f7-13de-3e7f-b0a2-ce0f0ec020b8  |i 1c6dc23f-53f8-3a85-b61e-02996000d4b3  |t 0 
952 f f |p normal  |a Texas A&M University  |b College Station  |c Sterling C. Evans Library  |d Evans: US Documents (Annex 5th floor)  |t 0  |e TD 1.20: 77-43  |h Superintendent of Documents classification  |i unmediated -- volume  |m A14816968459 
998 f f |a TD 1.20: 77-43  |t 0  |l Evans: US Documents (Annex 5th floor)